000 01056cam a2200337 4500
008 090401t1991 xxu||||| |||| 00| 0 eng d
020 _a0415041244
035 _a(Sirsi) u3900
041 _aeng
050 _a347.4107
245 2 _aA handbook of dispute resolution: ADR in action.
260 _aLondon
_bRoutledge Sweet & Maxwell
_c1991
300 _axii,305p. ; 24cm.
350 _a50
520 _aBased on papers presented at a workshop held at the University of Nottingham in 1988.
650 _aADVISORY CONCILIATION AND ARBITRATION SERVICE
650 _aALTERNATIVE DISPUTE RESOLUTION
650 _aMANAGEMENT-DISPUTE AVOIDANCE, MANAGEMENT AND RESOLUTION-DISPUTE MANAGEMENT AND RESOLUTION-ARBITRATION
650 _aAUSTRALIA
650 _aCANADA
650 _aCHINA
650 _aCONSUMER PROTECTION
650 _aFAMILY CONCILIATION
650 _aFINANCIAL SERVICES
650 _aGERMANY
650 _aINDUSTRIAL DISPUTES
690 _aLAW
700 _aMackie, Karl J.
_xEditor
942 _n0
948 _c04/03/1997
999 _c85964
_d85964